000 00579nam a2200181Ia 4500
008 151202s9999||||xx |||||||||||||| ||und||
082 _bPNVM-15459
100 _aआपटे गुरुजी.
245 _aगांाीची गोष्ट.
260 _b"अ.अं. कुलकर्णी,पुणे."
260 _c0
300 _a151
600 _aआपटे गुरुजी.
630 _aगांाीची गोष्ट.
700 _aआपटे गुरुजी.
730 _aगांाीची गोष्ट.
942 _cBOOK
999 _c1281444
_d1281441